Nedělní odpoledne s Tomášem Baťou : 52 krátkých příběhů na každý týden

Saved in:
Bibliographic Details
Main Author Pokluda, Zdeněk, 1946- (Author)
Format Book
LanguageCzech
Published Zlín : Nadace Tomáše Bati, 2026
Edition3. vydání
SeriesBaťa
Subjects
ISBN978-80-88511-26-7
Physical Description151 stran : ilustrace (některé barevné), portréty ; 21 cm

Cover

LEADER 00000aam a2200000 i 4500
001 115695
003 CZ-ZlUTB
005 20260529085400.0
007 ta
008 260319s2026 xr ac e 010 0dcze
020 |a 978-80-88511-26-7  |q (brožováno) 
040 |a PNA001  |b cze  |d ZLD002  |e rda 
043 |a e-xr--- 
045 |a w-x- 
072 7 |a 658  |x Řízení a správa podniku  |2 Konspekt  |9 4 
080 |a 316.64  |2 MRF 
080 |a 658.114-051  |2 MRF 
080 |a 658.114  |2 MRF 
080 |a 658  |2 MRF 
080 |a (437.3)  |2 MRF 
080 |a (0:82-32)  |2 MRF 
080 |a (0.062)  |2 MRF 
100 1 |a Pokluda, Zdeněk,  |d 1946-  |7 jn20001227234  |4 aut 
245 1 0 |a Nedělní odpoledne s Tomášem Baťou :  |b 52 krátkých příběhů na každý týden /  |c Zdeněk Pokluda 
250 |a 3. vydání 
264 1 |a Zlín :  |b Nadace Tomáše Bati,  |c 2026 
300 |a 151 stran :  |b ilustrace (některé barevné), portréty ;  |c 21 cm 
336 |a text  |b txt  |2 rdacontent 
337 |a bez média  |b n  |2 rdamedia 
338 |a svazek  |b nc  |2 rdacarrier 
490 1 |a Baťa 
500 |a "Publikace vychází znovu u příležitosti jubilejního roku 2026, v němž si připomínáme 150. výročí narození Tomáše Bati (1876-2026)"--Preliminária 
500 |a Životopisná data 
500 |a Chronologický přehled 
600 1 7 |a Baťa, Tomáš,  |d 1876-1932  |7 jk01011102  |2 czenas 
610 2 7 |a Baťovy závody (firma)  |7 ko2002101658  |2 czenas 
648 7 |a 19.-20. století  |7 ch757015  |2 czenas 
650 0 7 |a názory a postoje  |7 ph137634  |2 czenas 
650 0 7 |a podnikatelé  |7 ph124163  |z Česko  |y 19.-20. století  |2 czenas 
650 0 7 |a podnikání  |7 ph115766  |2 czenas 
650 0 7 |a podnikový management  |7 ph115763  |2 czenas 
650 0 9 |a views and attitudes  |2 eczenas 
650 0 9 |a businessmen  |z Czechia  |y 19th-20th centuries  |2 eczenas 
650 0 9 |a business  |2 eczenas 
650 0 9 |a industrial management  |2 eczenas 
655 7 |a příběhy  |7 fd133204  |2 czenas 
655 7 |a populárně-naučné publikace  |7 fd131864  |2 czenas 
655 9 |a stories  |2 eczenas 
655 9 |a popular works  |2 eczenas 
710 2 |a Nadace Tomáše Bati  |7 ko2004230725  |4 pbl 
830 0 |a Baťa 
910 |a ZLD002 
942 |2 udc 
952 |0 0  |1 0  |4 0  |6 658POKLUDAZ  |7 0  |8 BOOK  |9 191270  |a UTBZL  |b UTBZL  |c 031  |d 2026-05-25  |l 0  |o 658/POKLUDA,Z.  |p 420010201803  |r 2026-05-25 09:22:53  |v 249.00  |w 2026-05-25  |x N:dar  |y 01 
952 |0 0  |1 0  |4 0  |6 658POKLUDAZ  |7 -1  |8 BOOK  |9 191271  |a UTBZL  |b UTBZL  |c 005  |d 2026-05-25  |l 0  |o 658/POKLUDA,Z.  |p 420010201804  |r 2026-05-25 09:23:43  |v 249.00  |w 2026-05-25  |x N:dar  |y 01 
952 |0 0  |1 0  |4 0  |6 658POKLUDAZ  |7 -1  |8 BOOK  |9 191272  |a UTBZL  |b UTBZL  |c 006  |d 2026-05-25  |l 0  |o 658/POKLUDA,Z.  |p 420010201805  |r 2026-05-25 09:23:55  |v 249.00  |w 2026-05-25  |x N:dar  |y 04 
992 |a BK  |b SK 
999 |c 115695  |d 115695